Pope to Conclave Year - Statistics

General Stats
  • This quiz has been taken 102 times
    70 since last reset
  • The average score is 10 of 16
Answer Stats
Hint Answer % Correct
Leo XIV 2025
94%
Francis 2013
91%
Benedict XVI 2005
82%
John XXIII 1958
76%
Paul VI 1963
73%
John Paul II 1978 (Oct)
73%
Benedict XV 1914
70%
John Paul I 1978 (Aug)
67%
Leo XIII 1878
64%
Pius XI 1922
64%
Pius XII 1939
64%
Gregory XVI 1830
48%
Leo XII 1823
42%
Pius IX 1846
42%
Pius X 1903
42%
Pius VIII 1829
36%
No matching quizzes found
Score Distribution
Percent of People with Each Score
Percentile by Number Answered
Your Score History
You have not taken this quiz since the last reset